000 02698cam a2200337 4500500
005 20260322012151.0
041 _afre
042 _adc
100 1 0 _aRoudaut, Maiwenn
_eauthor
245 0 0 _aMoses Mendelssohn et la culture juive moderne – Retour sur le débat concernant l'enterrement précoce des juifs
260 _c2014.
500 _a19
520 _aLe débat concernant l'enterrement précoce des Juifs qui a lieu en Prusse dans les années 1770 est un débat important qui concerne l'image de la communauté juive, non pas tant comme communauté religieuse que comme sphère culturelle dont les principes de vie (et de mort) varient de ceux de la communauté allemande. Moses Mendelssohn qui est aujourd'hui considéré à juste titre comme l'un des plus importants représentants du mouvement de Haskala (les lumières juives) est intervenu à trois reprises dans ce débat et dans des écrits qui semblent se contredire. Cette contribution pose la question de la constitution de la culture dans un contexte concurrentiel comme l'est alors celui de la Prusse pour les Juifs. Elle examine à nouveaux frais l'intérêt et la portée du concept d'hybridation culturelle dans le contexte de la fin du 18e siècle et cherche à étudier le rôle joué par les Maskilim dans ce processus.
520 _aThe debate about the early burial of the Jews, which took place in Prussia in the 1770ies, is an important debate in so far as it concerns the image of the Jewish community, not only as a religious community, but as a cultural sphere based on other principles than the German community. Moses Mendelssohn, one of the most important representatives of the Haskala intervened in this debate on three occasions and in writings which seem to contradict one another. This contribution deals with the problem of the constitution of a specific culture when various approaches to culture are at variance. It aims at re-examining the interest of the concept of “cultural hybridity” in the context of the late 18th century and at demonstrating the role played by the Maskilim in this process.
690 _aEmancipation
690 _ahybridation
690 _ala Haskala
690 _aphilosophie des Lumières
690 _apréjugés
690 _asphère culturelle
690 _achurch
690 _acultural reforms
690 _acultural sphere
690 _aemancipation
690 _ahybridization
690 _ajewish community
690 _amodernity
690 _aprejudices
786 0 _nLumières | 26 | 2 | 2014-02-24 | p. 65-78 | 1762-4630
856 4 1 _uhttps://shs.cairn.info/revue-lumieres-2015-2-page-65?lang=fr&redirect-ssocas=7080
999 _c1770556
_d1770556